[Event "Lukowica qual"]
[Site "Lukowica"]
[Date "2012.05.31"]
[Round "?"]
[White "Mazurkiewicz, Adam"]
[Black "Guc, Mieczyslaw"]
[Result "0-1"]
[WhiteElo "1535"]
[BlackElo "1806"]
[PlyCount "48"]
[EventDate "2012.05.31"]
[EventType "tourn"]
[EventRounds "9"]
[EventCountry "POL"]
[SourceTitle "EXT 2023"]
[Source "ChessBase"]
[SourceDate "2022.10.05"]
[SourceVersion "1"]
[SourceVersionDate "2022.10.05"]
[SourceQuality "1"]

1. e4 c5 2. d4 cxd4 3. f4 Nc6 4. Nf3 g6 5. Bc4 Bg7 6. 0-0 e6 7. Ng5 Nh6 8. f5 gxf5 9. exf5 exf5 10. Nxf7 Nxf7 11. Qh5 d5 12. Bb5 Bd7 13. Bg5 Qb6 14. Bd3 Nce5 15. Nd2 Bb5 16. Rxf5 Bxd3 17. cxd3 Qxb2 18. Raf1 0-0 19. Rxf7 Nxf7 20. Rxf7 Rxf7 21. Nf3 Qc1+ 22. Ne1 Qc3 23. Qg4 Raf8 24. Bh6 Rf1# 0-1

[Event "Nowy Sacz-ch"]
[Site "Nowy Sacz"]
[Date "2000.12.03"]
[Round "8"]
[White "Mrozowski, Andrzej"]
[Black "Guc, Mieczyslaw"]
[Result "1/2-1/2"]
[WhiteElo "1800"]
[BlackElo "2000"]
[PlyCount "107"]
[EventDate "2000.11.25"]
[EventType "swiss"]
[EventRounds "9"]
[EventCountry "POL"]
[SourceTitle "EXT 2005"]
[Source "ChessBase"]
[SourceDate "2004.11.15"]
[SourceVersion "1"]
[SourceVersionDate "2004.11.15"]
[SourceQuality "1"]

1. Nf3 d5 2. c4 c6 3. e3 Nf6 4. d4 e6 5. Qb3 Bd6 6. Nc3 Nbd7 7. Bd2 0-0 8. cxd5 exd5 9. Bd3 Re8 10. 0-0 Ne4 11. Qc2 Ndf6 12. Bc1 Bf5 13. Nh4 Bxh2+ 14. Kh1 Bd7 15. Nxe4 dxe4 16. Be2 Nd5 17. g3 g5 18. Ng2 Bxg3 19. fxg3 Qc7 20. Bh5 Re7 21. Qf2 f5 22. Kh2 Nf6 23. Be2 h5 24. Kg1 Ng4 25. Qe1 Rh7 26. Nh4 gxh4 27. Bxg4 hxg4 28. gxh4 Qd8 29. Bd2 Rxh4 30. Qg3 Qf6 31. Be1 Rh3 32. Qxg4+ Qg7 33. Qxg7+ Kxg7 34. Bd2 Kf6 35. Kg2 Rah8 36. Rh1 R3h4 37. d5 Rxh1 38. Rxh1 Rxh1 39. dxc6 Bxc6 40. Kxh1 Ke6 41. Kg2 f4 42. Kf2 f3 43. a3 Kd5 44. Bc3 Kc4 45. Bd4 a5 46. Bc3 b6 47. Bd4 b5 48. Bc3 b4 49. axb4 a4 50. Bg7 Kxb4 51. Bf6 Bb5 52. Be5 Kb3 53. Bf6 Kc2 54. Bd4 1/2-1/2

[Event "Nowy Sacz-ch"]
[Site "Nowy Sacz"]
[Date "2000.11.25"]
[Round "1"]
[White "Guc, Mieczyslaw"]
[Black "Berezowski, Szymon"]
[Result "1-0"]
[WhiteElo "2000"]
[BlackElo "1600"]
[PlyCount "113"]
[EventDate "2000.11.25"]
[EventType "swiss"]
[EventRounds "9"]
[EventCountry "POL"]
[SourceTitle "EXT 2005"]
[Source "ChessBase"]
[SourceDate "2004.11.15"]
[SourceVersion "1"]
[SourceVersionDate "2004.11.15"]
[SourceQuality "1"]

1. c4 e6 2. Nc3 Nf6 3. g3 d5 4. Bg2 Be7 5. Qb3 c6 6. d3 0-0 7. e4 dxc4 8. dxc4 Nbd7 9. Be3 Nc5 10. Bxc5 Bxc5 11. Na4 Qa5+ 12. Nc3 Qb6 13. Qxb6 Bxb6 14. Nge2 e5 15. 0-0 Be6 16. b3 Rad8 17. Rad1 Bg4 18. h3 Bh5 19. g4 Bg6 20. Ng3 Bd4 21. Nce2 c5 22. Bf3 h6 23. Kg2 Rd7 24. Nc1 Nh7 25. Be2 f6 26. Nd3 b6 27. f4 Re7 28. Bf3 Rfe8 29. Nf5 Bxf5 30. gxf5 Nf8 31. fxe5 fxe5 32. Bh5 Rd8 33. f6 gxf6 34. Rxf6 Rg7+ 35. Kf3 Nh7 36. Rg6 Rxg6 37. Bxg6 Ng5+ 38. Kg4 Rf8 39. Bf5 Kg7 40. h4 Nf7 41. Rd2 Nd6 42. Rg2 Kf6 43. Kh5 Nxf5 44. exf5 e4 45. Nf4 Kxf5 46. Ne2 Ke5 47. Rg7 Rf5+ 48. Kxh6 Be3+ 49. Kg6 Rf6+ 50. Kh7 Rh6+ 51. Kg8 Rxh4 52. Rxa7 Rg4+ 53. Kf7 Bg5 54. Ra8 Rg2 55. Re8+ Kf5 56. Nc3 Rg4 57. Re6 1-0